Statistiques concernant Communes de la Gironde

Cliquez ici pour prendre le quiz!

Statistiques générales

  • Ce quiz a été pris 97 fois
  • Le résultat moyen est 56 sur 554

Réponses sur la Carte

Les réponses sont colorées sur une échelle allant du rouge au vert en fonction du pourcentage des utilisateurs qui les ont devinées à leur premier essai. Vous pouvez retrouver ces pourcentages ci-dessous.
 

Statistiques - réponses

Code CommuneRéponse% Correct
33009Arcachon
95%
33063Bordeaux
95%
33281Mérignac
88%
33318Pessac
80%
33243Libourne
78%
33529La Teste
75%
33039Bègles
71%
33522Talence
68%
33227Langon
63%
33394Saint-Émilion
60%
33550Villenave-d'Ornon
60%
33199Gujan-Mestras
58%
33119Cenon
55%
33214Lacanau
55%
33249Lormont
55%
33449Saint-Médard-en-Jalles
55%
33240Lesparre-Médoc
51%
33005Andernos-les-Bains
50%
33075Bruges
49%
33069Le Bouscat
48%
33236Lège
48%
33200Le Haillan
46%
33051Biganos
45%
33192Gradignan
45%
33514Soulac-sur-Mer
45%
33122Cestas
44%
33167Floirac
44%
33162Eysines
41%
33011Arès
39%
33203Hourtin
39%
33352La Réole
39%
33238Léognan
39%
33366Saint-André-de-Cubzac
39%
33056Blanquefort
38%
33544Le Verdon-sur-Mer
38%
33333Le Porge
35%
33081Cadillac
34%
33527Le Teich
34%
33036Bazas
33%
33213Labrède
33%
33042Belin
31%
33003Ambarès-et-Lagrave
30%
33019Audenge
30%
33140Créon
30%
33284Mios
30%
33314Pauillac
29%
33422Saint-Jean-d'Illac
29%
33519Le Taillan-Médoc
28%
33397Sainte-Eulalie
28%
33417Sainte-Hélène
28%
33004Ambès
26%
33080Cadaujac
26%
33097Carcans
25%
33498Salles
25%
33065Bouliac
24%
33229Lanton
24%
33234Latresne
24%
33029Le Barp
24%
33273Martignas-sur-Jalle
24%
33327Podensac
24%
33402Sainte-Foy-la-Grande
24%
33110Caudéran
23%
33138Coutras
23%
33505La Sauve
23%
33433Saint-Loubès
23%
33032Bassens
21%
33067Bourg
21%
33096Carbon-Blanc
21%
33501Saucats
21%
33540Vendays
21%
33322Le Pian-Médoc
20%
33268Margaux
20%
33312Parempuyre
20%
33041Béliet
19%
33202Hostens
19%
33207Izon
19%
33225Landiras
19%
33376Saint-Aubin-de-Médoc
19%
33435Saint-Macaire
19%
33143Cubzac-les-ponts
18%
33226Langoiran
18%
33528Le Temple
18%
33274Martillac
18%
33395Saint-Estèphe
18%
33506Sauveterre-de-Guyenne
18%
33164Fargues
16%
33484Saint-Symphorien
16%
33535Tresses
16%
33013Artigues-près-Bordeaux
15%
33030Barsac
15%
33071Branne
15%
33095Captieux
15%
33120Cérons
15%
33174Fronsac
15%
33187Gironde
15%
33328Pomerol
15%
33334Portets
15%
33393Saint-Denis-de-Pile
15%
33448Saint-Médard-d'Eyrans
15%
33504Sauternes
15%
33539Vayres
15%
33547Villandraut
15%
33015Arveyres
14%
33037Beautiran
14%
33104Castelnau-de-Médoc
14%
33261Lussac
14%
33297Moulis-en-Médoc
14%
33355Rions
14%
33363Sadirac
14%
33447Saint-Médard-de-Guizières
14%
33458Saint-Paul
14%
33474Saint-Selve
14%
33099Carignan
13%
33179Galgon
13%
33260Lugos
13%
33290Montagne
13%
33293Montussan
13%
33341Pugnac
13%
33392Sainte-Croix-du-Mont
13%
33471Saint-Sauveur
13%
33492Saint-Yzan-de-Soudiac
13%
33503Saumos
13%
33533Toulenne
13%
33022Avensan
11%
33085Camblanes-et-Meynac
11%
33111Caudrot
11%
33205Illats
11%
33220Lamarque
11%
33248Listrac-Médoc
11%
33262Macau
11%
33337Preignac
11%
33350Rauzan
11%
33436Saint-Magne
11%
33438Saint-Maixant
11%
33478Saint-Seurin-sur-l'Isle
11%
33494Salaunes
11%
33496Sallebœuf
11%
33554Yvrac
11%
33012Arsac
10%
33049Beychac-et-Caillau
10%
33070Brach
10%
33077Cabanac-et-Villagrains
10%
33084Cambes
10%
33100Cars
10%
33114Cavignac
10%
33165Fargues-Saint-Hilaire
10%
33193Grayan-et-l'Hôpital
10%
33198Guîtres
10%
33315Les Peintures
10%
33253Loupiac
10%
33256Ludon-Médoc
10%
33300Naujac-sur-Mer
10%
33336Préchac
10%
33389Saint-Ciers-sur-Gironde
10%
33466Saint-Quentin-de-Baron
10%
33473Saint-Savin
10%
33487Saint-Vincent-de-Paul
10%
33518Tabanac
10%
33523Targon
10%
33543Verdelais
10%
33007Arbanats
9%
33021Auros
9%
33040Béguey
9%
33125Cissac-Médoc
9%
33182Gauriac
9%
33183Gauriaguet
9%
33195Grignols
9%
33233Laruscade
9%
33305Le Nizan
9%
33267Marcillac
9%
33289Monségur
9%
33321Peujard
9%
33324Pineuilh
9%
33330Pompignac
9%
33342Puisseguin
9%
33344Pujols
9%
33351Reignac
9%
33381Saint-Caprais-de-Bordeaux
9%
33463Saint-Pierre-d'Aurillac
9%
33465Saint-Pierre-de-Mons
9%
33483Saint-Sulpice-et-Cameyrac
9%
33521Talais
9%
33525Tauriac
9%
33537Uzeste
9%
33551Villeneuve
9%
33553Virsac
9%
33002Aillas
8%
33033Baurech
8%
33073Braud-et-Saint-Louis
8%
33118Cénac
8%
33130Coimères
8%
33159Étauliers
8%
33161Eyrans
8%
33170Fontet
8%
33201Haux
8%
33204Hure
8%
33221Lamothe-Landerron
8%
33335Le Pout
8%
33345Le Puy
8%
33052Les Billaux
8%
33251Louchats
8%
33259Lugon-et-l'Île-du-Carnay
8%
33279Mazères
8%
33307Noaillan
8%
33310Origne
8%
33311Paillet
8%
33349Quinsac
8%
33367Saint-André-du-Bois
8%
33370Saint-Androny
8%
33427Saint-Laurent-du-Bois
8%
33434Saint-Louis-de-Montferrand
8%
33439Saint-Mariens
8%
33452Saint-Michel-de-Rieufret
8%
33454Saint-Morillon
8%
33502Saugon
8%
33530Teuillac
8%
33552Virelade
8%
33001Abzac
6%
33027Barie
6%
33034Bayas
6%
33047Berson
6%
33054Blaignac
6%
33093Capian
6%
33102Casseuil
6%
33105Castelviel
6%
33106Castets
6%
33109Castres-Gironde
6%
33123Cézac
6%
33142Cubnezais
6%
33144Cudos
6%
33146Cussac
6%
33151Donnezac
6%
33173Francs
6%
33185Génissac
6%
33219Lalande-de-Fronsac
6%
33230Lapouyade
6%
33356La Rivière
6%
33323Le Pian-sur-Garonne
6%
33241Lestiac-sur-Garonne
6%
33254Loupiac-de-la-Réole
6%
33272Marsas
6%
33287Mongauzy
6%
33306Noaillac
6%
33326Pleine-Selve
6%
33362Sablons
6%
33379Saint-Brice
6%
33388Saint-Ciers-de-Canesse
6%
33391Saint-Côme
6%
33413Saint-Germain-du-Puch
6%
33415Saint-Gervais
6%
33423Saint-Julien-Beychevelle
6%
33470Saint-Romain-la-Virvée
6%
33490Saint-Vivien-de-Médoc
6%
33500Samonac
6%
33508Savignac
6%
33541Vensac
6%
33542Vérac
6%
33010Arcins
5%
33018Aubie-et-Espessas
5%
33023Ayguemorte-les-Graves
5%
33026Balizac
5%
33035Bayon
5%
33057Blasimon
5%
33060Bommes
5%
33076Budos
5%
33083Camarsac
5%
33091Cantenac
5%
33098Cardan
5%
33101Cartelègue
5%
33103Castelmoron-d'Albret
5%
33132Comps
5%
33134Couquèques
5%
33145Cursan
5%
33163Faleyras
5%
33169Floudès
5%
33191Gours
5%
33208Jau-Dignac-et-Loirac
5%
33228Lansac
5%
33237Léogeats
5%
33158Les Esseintes
5%
33534Le Tourne
5%
33536Le Tuzan
5%
33252Loupes
5%
33291Montagoudin
5%
33294Morizès
5%
33316Pellegrue
5%
33325Plassac
5%
33331Pondaurat
5%
33347Puynormand
5%
33348Queyrac
5%
33357Roaillan
5%
33371Saint-Antoine
5%
33374Saint-Aubin-de-Blaye
5%
33382Saint-Christoly-de-Blaye
5%
33387Saint-Ciers-d'Abzac
5%
33410Saint-Georges
5%
33416Saint-Girons
5%
33441Saint-Martin-Lacaussade
5%
33479Saint-Sève
5%
33495Salignac
5%
33545Vertheuil
5%
33548Villegouge
5%
33549Villenave-de-Rions
5%
33006Anglade
4%
33016Asques
4%
33024Bagas
4%
33028Baron
4%
33046Bernos
4%
33050Bieujac
4%
33061Bonnetan
4%
33062Bonzac
4%
33068Bourideys
4%
33072Brannens
4%
33087Camiran
4%
33088Camps
4%
33089Campugnan
4%
33113Cauvignac
4%
33115Cazalis
4%
33139Coutures
4%
33157Espiet
4%
33175Frontenac
4%
33184Générac
4%
33186Gensac
4%
33189Gornac
4%
33194Grézillac
4%
33197Guillos
4%
33206Isle-Saint-Georges
4%
33211Labarde
4%
33218Lagorce
4%
33223Landerrouat
4%
33232Lartigue
4%
33166Le Fieu
4%
33154Les Églisottes-et-Chalaures
4%
33244Lignan-de-Bazas
4%
33245Lignan-de-Bordeaux
4%
33266Marcenais
4%
33270Marimbault
4%
33282Mérignas
4%
33285Mombrier
4%
33292Montignac
4%
33303Nérigean
4%
33308Omet
4%
33320Petit-Palais-et-Cornemps
4%
33329Pompéjac
4%
33332Porchères
4%
33346Puybarban
4%
33359Roquebrune
4%
33380Saint-Caprais-de-Blaye
4%
33390Sainte-Colombe
4%
33396Saint-Étienne-de-Lisse
4%
33412Saint-Germain-d'Esteuil
4%
33418Saint-Hilaire-de-la-Noaille
4%
33429Saint-Léger-de-Balson
4%
33431Saint-Léon
4%
33444Saint-Martin-de-Sescas
4%
33456Saint-Palais
4%
33476Saint-Seurin-de-Cadourne
4%
33477Saint-Seurin-de-Cursac
4%
33480Saint-Sulpice-de-Faleyrens
4%
33486Saint-Trojan
4%
33489Saint-Vivien-de-Blaye
4%
33491Saint-Vivien-de-Monségur
4%
33510Semens
4%
33512Sigalens
4%
33515Soulignac
4%
33517Soussans
4%
33526Tayac
4%
33532Tizac-de-Lapouyade
4%
33538Valeyrac
4%
33017Aubiac
3%
33031Bassanne
3%
33038Bégadan
3%
33043Bellebat
3%
33048Berthez
3%
33053Birac
3%
33059Blésignac
3%
33066Bourdelles
3%
33079Cadarsac
3%
33082Cadillac-en-Fronsadais
3%
33090Canéjean
3%
33094Caplong
3%
33107Castillon-de-Castets
3%
33116Cazats
3%
33124Chamadelle
3%
33126Civrac-de-Blaye
3%
33133Coubeyrac
3%
33136Cours-de-Monségur
3%
33137Cours-les-Bains
3%
33141Croignon
3%
33147Daignac
3%
33150Dieulivol
3%
33155Escaudes
3%
33156Escoussans
3%
33160Eynesse
3%
33171Fossès-et-Baleyssac
3%
33172Fours
3%
33177Gaillan-en-Médoc
3%
33178Gajac
3%
33180Gans
3%
33188Giscos
3%
33209Jugazan
3%
33216Lados
3%
33360La Roquille
3%
33235Lavazan
3%
33340Le Puch
3%
33239Lerm-et-Musset
3%
33014Les Artigues-de-Lussac
3%
33250Loubens
3%
33255Lucmau
3%
33263Madirac
3%
33264Maransin
3%
33265Marcamps
3%
33271Marions
3%
33276Masseilles
3%
33278Mauriac
3%
33283Mesterrieux
3%
33288Monprimblanc
3%
33298Moulon
3%
33299Mourens
3%
33302Néac
3%
33304Neuffons
3%
33317Périssac
3%
33319Pessac-sur-Dordogne
3%
33338Prignac-en-Médoc
3%
33339Prignac-et-Cazelles
3%
33343Pujols-sur-Ciron
3%
33358Romagne
3%
33361Ruch
3%
33364Saillans
3%
33365Saint-Aignan
3%
33373Saint-Antoine-sur-l'Isle
3%
33375Saint-Aubin-de-Branne
3%
33383Saint-Christoly-Médoc
3%
33385Saint-Christophe-de-Double
3%
33404Sainte-Gemme
3%
33485Sainte-Terre
3%
33398Saint-Exupéry
3%
33399Saint-Félix-de-Foncaude
3%
33400Saint-Ferme
3%
33408Saint-Genès-de-Lombaud
3%
33411Saint-Germain-de-Grave
3%
33419Saint-Hilaire-du-Bois
3%
33425Saint-Laurent-d'Arce
3%
33437Saint-Magne-de-Castillon
3%
33440Saint-Martial
3%
33445Saint-Martin-du-Bois
3%
33451Saint-Michel-de-Fronsac
3%
33453Saint-Michel-de-Lapujade
3%
33455Saint-Nazaire
3%
33459Saint-Pey-d'Armens
3%
33460Saint-Pey-de-Castets
3%
33461Saint-Philippe-d'Aiguille
3%
33472Saint-Sauveur-de-Puynormand
3%
33475Saint-Seurin-de-Bourg
3%
33482Saint-Sulpice-de-Pommiers
3%
33493Saint-Yzans-de-Médoc
3%
33507Sauviac
3%
33509Savignac-de-l'Isle
3%
33511Sendets
3%
33513Sillas
3%
33520Taillecavat
3%
33008Arbis
1%
33020Auriolles
1%
33025Baigneaux
1%
33044Bellefond
1%
33045Belvès-de-Castillon
1%
33055Blaignan
1%
33058Blaye-et-Sainte-Luce
1%
33064Bossugan
1%
33074Brouqueyran
1%
33078Cabara
1%
33086Camiac-et-Saint-Denis
1%
33092Cantois
1%
33108Castillon-et-Capitourlan
1%
33112Caumont
1%
33117Cazaugitat
1%
33121Cessac
1%
33127Civrac-de-Dordogne
1%
33128Civrac-en-Médoc
1%
33129Cleyrac
1%
33131Coirac
1%
33135Courpiac
1%
33148Dardenac
1%
33149Daubèze
1%
33152Donzac
1%
33153Doulezon
1%
33168Flaujagues
1%
33176Gabarnac
1%
33181Gardegan-et-Tourtirac
1%
33190Goualade
1%
33196Guillac
1%
33210Juillac
1%
33212Labescau
1%
33215Ladaux
1%
33217Lafosse
1%
33222La Lande-de-Libourne
1%
33224Landerrouet
1%
33231Laroque
1%
33242Les Lèves-et-Thoumeyragues
1%
33499Les Salles-de-Castillon
1%
33246Ligueux
1%
33247Listrac-de-Durèze
1%
33257Lugaignac
1%
33258Lugasson
1%
33269Margueron
1%
33275Martres
1%
33277Massugas
1%
33280Mazion
1%
33286Monbadon
1%
33295Mouillac
1%
33296Mouliets-et-Villemartin
1%
33301Naujan-et-Postiac
1%
33309Ordonnac
1%
33313Parsac
1%
33353Rimons
1%
33354Riocaud
1%
33368Saint-André-du-Garn
1%
33369Saint-André-et-Appelles
1%
33372Saint-Antoine-du-Queyret
1%
33377Saint-Avit-de-Soulège
1%
33378Saint-Avit-du-Moiron
1%
33384Saint-Christophe-des-Bardes
1%
33386Saint-Cibard
1%
33401Sainte-Florence
1%
33403Sainte-Foy-la-Longue
1%
33468Sainte-Radegonde
1%
33405Saint-Genès-de-Blaye
1%
33406Saint-Genès-de-Castillon
1%
33407Saint-Genès-de-Fronsac
1%
33409Saint-Genis-du-Bois
1%
33414Saint-Germain-de-la-Rivière
1%
33420Saint-Hippolyte
1%
33421Saint-Jean-de-Blaignac
1%
33426Saint-Laurent-des-Combes
1%
33428Saint-Laurent-du-Plan
1%
33424Saint-Laurent-et-Benon
1%
33430Saint-Léger-de-Vignague
1%
33432Saint-Loubert
1%
33442Saint-Martin-de-Laye
1%
33443Saint-Martin-de-Lerm
1%
33446Saint-Martin-du-Puy
1%
33450Saint-Michel-de-Castelnau
1%
33457Saint-Pardon-de-Conques
1%
33462Saint-Philippe-de-Seignac
1%
33464Saint-Pierre-de-Bat
1%
33467Saint-Quentin-de-Caplong
1%
33469Saint-Romain-de-Vignague
1%
33481Saint-Sulpice-de-Guilleragues
1%
33488Saint-Vincent-de-Pertignas
1%
33497Sallebruneau
1%
33516Soussac
1%
33524Tarnès
1%
33531Tizac-de-Curton
1%
33546Vignonet
1%

Distribution des résultats

Percentile par nombre de réponses

% des personnes avec chaque résultat

Votre développement - résultats

Vous n’avez pas pris ce quiz